Представление документа в формате RUSMARC

Поле Инд. ПП Название Значение
Тип записи a
Библиографический уровень a
001 Контрольный номер 1633c10a97a44f7793f6291ced0af0fa
005 Дата корректировки 20190924112434.6
100 a Данные общей обработки 20190924 ||| 0rusy0189 ca
101 0_ a Язык текста rus
102 a Страна публикации RU
200 1_ f Первые сведения об ответственности С.А. Денисов
a Заглавие Основные конституционные обязанности государства и их реализация
b Общее обозначение материала Текст
210 1_ d Дата издания 2019
461 _0 1 2000
a Конституционное и муниципальное право
463 _0 1 2000
a № 6
v С. 12-19
1 2101
d 2019
1 0013d14c54af06742d1b21870d05c6d08fe
606 a Основная рубрика Конституционное (государственное) право
610 0_ a Ключевые слова ГОСУДАРСТВО
a Ключевые слова ЗАЩИТА ПРАВ И СВОБОД
a Ключевые слова ЗЛОУПОТРЕБЛЕНИЕ ДОЛЖН. ПОЛНОМОЧИЯМИ
700 _1 a Фамилия Денисов
b Имя С.А.
801 _0 a Страна RU
b Организация РГУП
c Дата составления 20190924
g Правила каталогизации PSBO
801 _1 a Страна RU
b Организация РГУП
c Дата составления 20190924
g Правила каталогизации PSBO
901 t Тип документа b
w Контрольный № источника 3d14c54af06742d1b21870d05c6d08fe
905 a Дата ввода 20190924